000 00435nam a2200181 a 4500
001 1774864341776
003 YourLibrary
005 20260330152417.0
008 260330s2009##################000#0#eng##
020 _a9780415498418
082 0 4 _a355.54
_bROT
100 1 _aAuthors, Various,
_eauthor.
245 1 0 _aTsur 51.4 :
260 _c2009.
650 0 _aHistory.
942 _cENGLISH
040 _aYourLibrary
_beng
_cYourLibrary
999 _c618237
_d618237